000 00600nam a2200217 a 4500
008
020 _a818632173X (hbk.)
049 _aMAIN
090 _aTP690
100 1 _aPhirke, P.S.
245 1 0 _aProcessing and conveying equipment design/
_cP. S. Phirke.
260 _aNew Dehli :
_bJain Brothers,
_c2004.
300 _avii, 248 p. :
_bill. ;
_c24 cm.
500 _aIncludes index.
650 1 _aEquipment design.
907 _a.b10154061
_b04-04-05
_c24-02-05
003
005 20230123133934.0
040 _cNUST
942 _cBOOKS
_kTP690
999 _c157221
_d157221